Camberwick Green Quiz (Clickable!) Stats

Quiz not verified by Sporcle

Challenge
Share
Tweet
Embed
Score 0/45 Timer 08:00
0 Plays Today
% Correct
Brian Cant
79%
Brown
79%
Windy Miller
77.4%
Musical box
77.4%
Mrs Honeyman
74.2%
452
74.2%
Fork lift loader
74.2%
Mrs Dingle
72.6%
Tricycle
72.6%
Sugar Coated Pills
72.6%
Pippin Fort
71%
Whistling
71%
Mopp
71%
McGarry
71%
humpity bumpity
71%
Cider
69.4%
Mr Murphy
67.7%
Mary
67.7%
Solider man
67.7%
Paddy
64.5%
Purple
64.5%
Colleys
62.9%
1901
62.9%
% Correct
JB1
62.9%
Captain Snort
61.3%
Chemist
61.3%
Roger Varley
61.3%
listen for the sound
59.7%
Wednesday
59.7%
Sergeant Major Grout
58.1%
Sack of Corn
58.1%
Peter Hazel
58.1%
Mr Crockett
53.2%
Thomas Tripp
51.6%
Mr Dagenham
51.6%
Mr Carraway
51.6%
Private Hopwood
50%
Private Lumley
48.4%
Farm
48.4%
Dora
46.8%
Packet
43.5%
Farmer Jonathon Bell
43.5%
Paint
43.5%
Meek
43.5%
Armitage
29%

You're not logged in!

Compare scores with friends on all Sporcle quizzes.
Sign Up with Email
OR
Log In

You Might Also Like...

Show Comments

Extras

Top Quizzes Today


Score Distribution

Your Account Isn't Verified!

In order to create a playlist on Sporcle, you need to verify the email address you used during registration. Go to your Sporcle Settings to finish the process.

Report this User

Report this user for behavior that violates our Community Guidelines.

Details: